000 00548nam a2200157Ia 4500
008 230907s9999||||xx |||||||||||||| ||und||
082 _a621.3
_bALI
100 _aMuhammad Ali Raza (00000321060)
_9116784
245 0 _aResearch on Site Suitability for Solar and Wind Energy in Developing Countries Using Combination of GIS- AHP; A Case Study of Pakistan /
260 _aUSPCAS-E, NUST,
_bIslamabad :
_c2022
300 _axiii, 70 p.
520 _aTH-450
650 _aMS-EEP Thesis MS Thesis
700 _aDr Muhammad Yousif
942 _cTHE
_2ddc
999 _c602128
_d602128